• 首页
  • 本馆介绍
  • 公告通知
  • 最新文献
  • 馆藏检索
  • 电子资源
  • 读者导购
  • 参考咨询
  • 我的图书馆
  • 登录
  • 详细信息显示
  • 放入我的书架
  • 预约/预借图书
  • 作者相关作品
  • 分类相关作品
  • 丛书相关作品
  • 出版社相关作品

书目信息

  • 表格格式
  • 工作单格式
  • 卡片格式
题名:
生物技术药物
    
 
作者: 马大龙 主编
分册:  
出版信息: 北京   科学出版社  2001
页数: 231页
开本: 26cm
丛书名: “863”生物高技术丛书
单 册:
中图分类: R915 , R392-33
科图分类:
主题词: 生物技术 , 药物学 , 生物技术--药物学 , 医药学:免疫学
电子资源:
ISBN: 7-03-008877-8
000 01017nam0 2200313 450
000 00962nam0 2200289 450
000 00895nam0 2200265 450
000 00858nam0 2200253 45
005 20070525133309.04
010    @a7-03-008877-8@dCNY32.00
100    @a20070418d2001 em y0chiy0120 ea
101 0  @achi
102    @aCN@b110000
105    @ay z 000yy
200 1  @a生物技术药物@ASheng Wu Ji Shu Yao Wu@f马大龙主编@FMa Da Long Zhu Bian
210    @a北京@c科学出版社@d2001
215    @a231页@d26cm
225 2  @a“863”生物高技术丛书
330    @a本书结合我国科学家在生物技术药物研究和开发方面取得的成就,介绍了国际上近20年来生物技术药物的研究进展和发展趋势,并对我国在这一领域的研究战略提出了设想。
410  0 @12001 @a“863”生物高技术丛书
606 0  @a生物技术
606 0  @a药物学
606 0  @a生物技术@x药物学
606 0  @a医药学:免疫学
690    @aR915@v4
690    @aR392-33@v3
701  0 @a马大龙@AMa Da Long@4主编
801  0 @aCN@bTAOJIN@c20070525
905    @a10447@dR392-33@e156
    
    生物技术药物/马大龙主编.-北京:科学出版社,2001
    231页;26cm.-(“863”生物高技术丛书)
    
    
    ISBN 7-03-008877-8:CNY32.00
    本书结合我国科学家在生物技术药物研究和开发方面取得的成就,介绍了国际上近20年来生物技术药物的研究进展和发展趋势,并对我国在这一领域的研究战略提出了设想。
●
相关链接 在E读中查询图书 在五车中查询图书 在当当中查询图书 在豆瓣中查询图书


正题名:生物技术药物     索取号:R392-33/156         预约/预借

序号 登录号 条形码 馆藏地/架位号 状态 备注
1 0522638   205226389   第二样本阅览室/ [索取号:R392-33/156] 在馆    
2 0522639   205226398   第三借阅区/ [索取号:R392-33/156] 在馆    
3 0522640   205226405   第三借阅区/ [索取号:R392-33/156] 在馆    
唐山师范学院图书馆 欢迎您!
大连网信软件有限公司© 版权所有